<?xml version="1.0" encoding="UTF-8"?>
<record
    xmlns:xsi="http://www.w3.org/2001/XMLSchema-instance"
    xsi:schemaLocation="http://www.loc.gov/MARC21/slim http://www.loc.gov/standards/marcxml/schema/MARC21slim.xsd"
    xmlns="http://www.loc.gov/MARC21/slim">

  <leader>00930nam a2200193 a 4500</leader>
  <controlfield tag="005">20250415091554.0</controlfield>
  <controlfield tag="007">ta</controlfield>
  <controlfield tag="008">241202e2023    dr ado|gr|||||||| ||spa d</controlfield>
  <datafield tag="040" ind1=" " ind2=" ">
    <subfield code="a">DO-SdBNP</subfield>
    <subfield code="c">BNPHU</subfield>
    <subfield code="e">rda</subfield>
  </datafield>
  <datafield tag="041" ind1=" " ind2=" ">
    <subfield code="h">spa</subfield>
  </datafield>
  <datafield tag="110" ind1=" " ind2=" ">
    <subfield code="a">Universidad Aut&#xF3;noma de Santo Domingo (UASD)</subfield>
    <subfield code="9">84760</subfield>
  </datafield>
  <datafield tag="245" ind1=" " ind2=" ">
    <subfield code="a">Primer a&#xF1;o de gesti&#xF3;n julio 2022- julio 2023 /</subfield>
    <subfield code="c">Universidad Aut&#xF3;noma de Santo Domingo (UASD)</subfield>
  </datafield>
  <datafield tag="260" ind1=" " ind2=" ">
    <subfield code="a">Santo Domingo, Rep&#xFA;blica Dominicana : </subfield>
    <subfield code="b">Universidad Aut&#xF3;noma de Santo Domingo (UASD), </subfield>
    <subfield code="c">2023.</subfield>
  </datafield>
  <datafield tag="300" ind1=" " ind2=" ">
    <subfield code="a">volumen : </subfield>
    <subfield code="b">ilustraciones, fotograf&#xED;as, gr&#xE1;ficas ; </subfield>
    <subfield code="c">27 cm.</subfield>
  </datafield>
  <datafield tag="500" ind1=" " ind2=" ">
    <subfield code="a">El doctor Editrudis Beltr&#xE1;n Cris&#xF3;stomo tom&#xF3; posesi&#xF3;n como rector de la Universidad Aut&#xF3;noma de Santo Domingo (UASD) para el per&#xED;odo 2022-2026.</subfield>
  </datafield>
  <datafield tag="650" ind1=" " ind2="0">
    <subfield code="a">Universidad Aut&#xF3;noma de Santo Domingo</subfield>
    <subfield code="9">81917</subfield>
    <subfield code="x">Informe</subfield>
    <subfield code="v">Memoria</subfield>
    <subfield code="z">Rep&#xFA;blica Dominicana</subfield>
  </datafield>
  <datafield tag="700" ind1=" " ind2=" ">
    <subfield code="a">Beltr&#xE1;n Cris&#xF3;stomo, Editrudis</subfield>
    <subfield code="9">86857</subfield>
  </datafield>
  <datafield tag="942" ind1=" " ind2=" ">
    <subfield code="2">ddc</subfield>
    <subfield code="c">ISSUE</subfield>
  </datafield>
  <datafield tag="952" ind1=" " ind2=" ">
    <subfield code="0">0</subfield>
    <subfield code="1">0</subfield>
    <subfield code="2">ddc</subfield>
    <subfield code="4">0</subfield>
    <subfield code="5">6</subfield>
    <subfield code="7">0</subfield>
    <subfield code="8">SE</subfield>
    <subfield code="a">BNPHU</subfield>
    <subfield code="b">BNPHU</subfield>
    <subfield code="d">2024-12-02</subfield>
    <subfield code="h">UASD, Julio 2022- Julio 2023</subfield>
    <subfield code="l">0</subfield>
    <subfield code="p">2024-6868</subfield>
    <subfield code="r">2024-12-02</subfield>
    <subfield code="t">e.1</subfield>
    <subfield code="w">2024-12-02</subfield>
    <subfield code="y">ISSUE</subfield>
  </datafield>
  <datafield tag="952" ind1=" " ind2=" ">
    <subfield code="0">0</subfield>
    <subfield code="1">0</subfield>
    <subfield code="2">ddc</subfield>
    <subfield code="4">0</subfield>
    <subfield code="5">6</subfield>
    <subfield code="7">0</subfield>
    <subfield code="8">SE</subfield>
    <subfield code="a">BNPHU</subfield>
    <subfield code="b">BNPHU</subfield>
    <subfield code="d">2024-12-02</subfield>
    <subfield code="h">UASD, Julio 2022- Julio 2023</subfield>
    <subfield code="l">0</subfield>
    <subfield code="p">2024-6869</subfield>
    <subfield code="r">2024-12-02</subfield>
    <subfield code="t">e.2</subfield>
    <subfield code="w">2024-12-02</subfield>
    <subfield code="y">ISSUE</subfield>
  </datafield>
  <datafield tag="952" ind1=" " ind2=" ">
    <subfield code="0">0</subfield>
    <subfield code="1">0</subfield>
    <subfield code="2">ddc</subfield>
    <subfield code="4">0</subfield>
    <subfield code="5">6</subfield>
    <subfield code="7">0</subfield>
    <subfield code="8">SE</subfield>
    <subfield code="a">BNPHU</subfield>
    <subfield code="b">BNPHU</subfield>
    <subfield code="d">2024-12-02</subfield>
    <subfield code="h">UASD, Julio 2022- Julio 2023</subfield>
    <subfield code="l">0</subfield>
    <subfield code="p">2024-6870</subfield>
    <subfield code="r">2024-12-02</subfield>
    <subfield code="t">e.3</subfield>
    <subfield code="w">2024-12-02</subfield>
    <subfield code="y">ISSUE</subfield>
  </datafield>
  <datafield tag="999" ind1=" " ind2=" ">
    <subfield code="c">57952</subfield>
    <subfield code="d">57952</subfield>
  </datafield>
</record>
